Normal view
MARC view
Entry Personal Name
001 - CONTROL NUMBER
- control field: 165614
003 - CONTROL NUMBER IDENTIFIER
- control field: OSt
005 - DATE AND TIME OF LATEST TRANSACTION
- control field: 20220923221712.0
008 - FIXED-LENGTH DATA ELEMENTS
- fixed length control field: 220923|| aca||aabn | a|a d
040 ## - CATALOGING SOURCE
- Original cataloging agency: OSt
- Transcribing agency: OSt
100 ## - HEADING--PERSONAL NAME
- Personal name: सातवेलकर, श्री पाद दामोदर, संपा
670 ## - SOURCE DATA FOUND
- Source citation: Work cat.: (OSt)351212: सातवेलकर, श्री पाद दामोदर, संपा., देवत संहिता चारों वेदो का देवतानुसार मंत्रसंग्रह
